|
|
|
|
| LEADER |
00000nam a22000007a 4500 |
| 005 |
20210427235837.0 |
| 007 |
cr|||| |||| |
| 008 |
210427s2020 co |||||s|||| 00||0 spa d |
| 020 |
|
|
|a 978-958-784-439-9
|
| 035 |
|
|
|a 33137
|
| 040 |
|
|
|a vLex
|
| 090 |
|
|
|c 11548
|d 11548
|
| 100 |
1 |
|
|a Firchow, Pamina
|
| 245 |
1 |
0 |
|a Recuperando la Paz Cotidiana
|h [Recurso electrn̤ico] :
|b Voces locales para la medicin̤ y evaluacin̤ despuš de la guerra /
|c Pamina Firchow
|
| 256 |
|
|
|a Servicio en ln̕ea
|
| 260 |
|
|
|a Bogot:̀
|b Editorial Universidad de Rosario (Colombia),
|c 2020
|
| 300 |
|
|
|a 1 recurso electrn̤ico
|
| 506 |
1 |
|
|a Disponible solo en los productos indicados
|d vLex Global
|d vLex Global (Academic Edition, excluding Law Schools)
|d vLex Global (U.S. Academic Edition, Law Schools)
|d vLex Global (U.S. Academic Edition, excluding Law Schools)
|d vLex Global (Academic Edition, Law Schools)
|
| 650 |
0 |
4 |
|a Derecho Pb︢lico y Administrativo
|z Colombia
|
| 650 |
0 |
4 |
|a Ciencias sociales
|z Colombia
|
| 740 |
0 |
|
|a vLex Libros (Servicio en ln̕ea)
|
| 856 |
4 |
0 |
|u https://vlex.com/source/recuperando-paz-cotidiana-voces-locales-medicion-evaluacion-despues-guerra-33137
|z Acceso restringido
|
| 942 |
|
|
|c BOOK
|
| 999 |
0 |
|
|a Public and Administrative Law
|
| 999 |
0 |
|
|a Social Sciences
|